00309nam a2200109Ia 4500008004100000020002200041041001200063100004200075245002900117260003200146650002100178231221s9999 xx 000 0 und d a978-1-84628-984-2 aEnglish aPim Tuyls, Boris Skoric, Tom Kevenaar 0aSecurity with Noisy Data c2007bSpringer USaNew York aComputer Science